000 02140nam0a2200445 i 4500
001 RU\NLR\BIBL_A\011603359
005 20241103104345.0
010 _a9785759817338
_91000
021 _aRU
_b2017-100487
_97246
035 _a(RuMoRGB)009501675
035 _a(NLR Aleph) 011603359
090 _a10901863
_c10901863
100 _a20180126d2018 km y0rusy50 ca
101 1 _arus
_cfre
102 _aRU
105 _aa|||z|||000zy
200 1 _aВерить и видеть
_dLe croire et le voir
_eискусство соборов XII-XV веков
_fРолан Рехт
_gперевод с французского Олега Воскобойникова
_zfre
205 _a2-е изд.
210 _aМосква
_cИздательский дом Высшей школы экономики
_d2018 [т.е. 2017]
215 _a350, [1] с.
_cил.
_d22
225 1 _aСерия Исследования культуры
_fсост.: Валерий Анашвили
300 _aАвт. также на фр. яз.: Roland Recht
300 _aФактическая дата выхода в свет - 2017
320 _aБиблиогр. в конце кн.
327 1 _aВ прил.: Предмет истории искусства / пер. с фр. Олега Воскобойникова, Ланы Мартышевой
464 0 _12001#$aПредмет истории искусства
_tПредмет истории искусства
510 1 _6z11790
_aLe croire et le voir
_zfre
606 _aЦерковная архитектура французская
_zСредние века
_92308638
_3RU\NLR\AUTH\6601607671
606 1 _aГотический стиль
_xв архитектуре
_yФранция
_9960758
_3RU\NLR\AUTH\6639852
686 _aН716.6-00(0)422.3,0
_2rubbk
686 _aН0(0)422.3-471.66,0
_2rubbk
686 _aЩ136.183(0)422.3,0
_2rubbk
686 1 _aЩ113(4Фр)42-47
686 1 _aЩ113(4Фр)42-202
700 1 _aРехт
_bР.
_f1941-
_gРолан
790 1 _6z11510
_aRoland
_bR.
_f1941-
_gRecht
942 _cBOOK
980 _aNBR